Tribhuvan University Central Library

Customs modernization initiatives; case studies (Record no. 45244)

MARC details
000 -LEADER
fixed length control field 008880000a22003610004500
082 ## - DEWEY DECIMAL CLASSIFICATION NUMBER
Classification number 352.448
Item number W893c
-- UN
020 ## - INTERNATIONAL STANDARD BOOK NUMBER
International Standard Book Number 0-8213-5752-2
041 ## - LANGUAGE CODE
Language code of text/sound track or separate title Eng
005 - DATE AND TIME OF LATEST TRANSACTION
control field 20120907085346.0
100 ## - MAIN ENTRY--PERSONAL NAME
Personal name Wulf, Luc De, ed.
100 ## - MAIN ENTRY--PERSONAL NAME
Personal name Sokol, Jose B., ed.
110 ## - MAIN ENTRY--CORPORATE NAME
Corporate name or jurisdiction name as entry element The World Bank
Location of meeting Washington, D.C., United States
245 ## - TITLE STATEMENT
Title Customs modernization initiatives; case studies
260 ## - PUBLICATION, DISTRIBUTION, ETC. (IMPRINT)
Place of publication, distribution, etc Washington, D.C
Name of publisher, distributor, etc The World Bank, USA
260 ## - PUBLICATION, DISTRIBUTION, ETC. (IMPRINT)
Date of publication, distribution, etc 2004
300 ## - PHYSICAL DESCRIPTION
Extent xiii, 132p.
Other physical details illus.
518 ## - DATE/TIME AND PLACE OF AN EVENT NOTE
Date/time and place of an event note 2008-8-5
530 ## - ADDITIONAL PHYSICAL FORM AVAILABLE NOTE
Additional physical form available note M
650 ## - SUBJECT ADDED ENTRY--TOPICAL TERM
Topical term or geographic name as entry element Financial administration
650 ## - SUBJECT ADDED ENTRY--TOPICAL TERM
Topical term or geographic name as entry element Customs
650 ## - SUBJECT ADDED ENTRY--TOPICAL TERM
Topical term or geographic name as entry element Modernization
650 ## - SUBJECT ADDED ENTRY--TOPICAL TERM
Topical term or geographic name as entry element Revenue
651 ## - SUBJECT ADDED ENTRY--GEOGRAPHIC NAME
Geographic name Bolivia
651 ## - SUBJECT ADDED ENTRY--GEOGRAPHIC NAME
Geographic name Ghana
651 ## - SUBJECT ADDED ENTRY--GEOGRAPHIC NAME
Geographic name Morocco
651 ## - SUBJECT ADDED ENTRY--GEOGRAPHIC NAME
Geographic name Mazambique
651 ## - SUBJECT ADDED ENTRY--GEOGRAPHIC NAME
Geographic name Peru
651 ## - SUBJECT ADDED ENTRY--GEOGRAPHIC NAME
Geographic name Philippines
651 ## - SUBJECT ADDED ENTRY--GEOGRAPHIC NAME
Geographic name Turkey
651 ## - SUBJECT ADDED ENTRY--GEOGRAPHIC NAME
Geographic name Uganda
650 ## - SUBJECT ADDED ENTRY--TOPICAL TERM
Topical term or geographic name as entry element Developing countries
942 ## - ADDED ENTRY ELEMENTS (KOHA)
Koha item type General Collections
Holdings
Withdrawn status Lost status Damaged status Not for loan Home library Current library Date acquired Total Checkouts Barcode Date last seen Price effective from
        Tribhuvan University Central Library Tribhuvan University Central Library 06/20/2010   UN21382 06/20/2010 06/20/2010